Najdłużej pracujące kraje OECD - Statystyki

Ogólne statystyki
  • Ten quiz został rozwiązany 22 razy
  • Średni wynik to 7 z 15
Statystyki odpowiedzi
Liczba przepracowanych godzin Państwo % Poprawnych
1 830 Polska
84%
1 753 Czechy
68%
1 791 Stany Zjednoczone
68%
2 128 Meksyk
58%
1 838 Rumunia
53%
1 915 Korea Południowa
47%
1 916 Chile
37%
1 767 Estonia
37%
1 775 Irlandia
37%
1 753 Izrael
37%
1 745 Cypr
32%
1 872 Grecja
32%
1 835 Chorwacja
26%
1 882 Malta
26%
2 073 Kostaryka
16%
Nie znaleziono quizów pasujących do podanych kryteriów
Rozkład punktacji
Procent ludzi z każdym wynikiem
Percentyl według liczby udzielonych odpowiedzi
Twoja historia wyników
Nie rozwiązałeś tego quizu